000
00241nam a2200097Ia 4500
008
190216s9999||||xx |||||||||||||| ||und||
100
_a
Krishnan & Ashokan
245
0
_a
India Sothum Nikuthiyum
260
_b
Kerala Basha Inst
942
_c
BK
999
_c
34802
_d
34802